[Event "European Rapid 2022"]
[Site "Katowice POL"]
[Date "2022.12.17"]
[Round "6.15"]
[White "Kazakouski, Valery"]
[Black "Czernek, Tymon"]
[Result "1-0"]
[WhiteTitle "GM"]
[BlackTitle "FM"]
[WhiteElo "2539"]
[BlackElo "2302"]
[WhiteFideId "13507443"]
[BlackFideId "1199510"]
[EventDate "2022.12.17"]

1. Nf3 Nf6 2. c4 c6 3. g3 d5 4. Bg2 Bf5 5. Qb3 Qc7 6. d3 Nbd7 7. O-O e5 8. cxd5
cxd5 9. Nc3 Be6 10. d4 e4 11. Ng5 a6 12. f3 exf3 13. exf3 h6 14. Nxe6 fxe6 15.
Re1 Kf7 16. Ne2 g5 17. Bd2 Bd6 18. Rac1 Qb6 19. Qd3 Ne5 20. Qb1 Nc4 21. Bc3 h5
22. Rcd1 Ne3 23. Rd3 Nxg2 24. Kxg2 g4 25. Bd2 h4 26. fxg4 Ne4 27. Nc3 hxg3 28.
hxg3 Nxc3 29. Rf3+ Kg7 30. Bxc3 Rh6 31. Bd2 Rg6 32. Ref1 Qc7 33. g5 Rc8 34. Rc1
Qd7 35. Rf6 Rxf6 36. gxf6+ Kxf6 37. Rf1+ Kg7 38. Bh6+ Kxh6 39. Rf6+ Kg7 40. Qg6+
Kh8 41. Rf7 Qxf7 42. Qxf7 Rg8 43. Qxe6 Rxg3+ 44. Kf2 Bb8 45. Qxd5 Rg8 46. Qxb7
Rd8 47. Qxa6 Kg7 48. Qb7+ Kf6 49. Ke3 Bh2 50. Qf3+ Ke7 51. Qe4+ Kd6 52. Qg6+ Kc7
53. Qh7+ 1-0

[Event "European Rapid 2022"]
[Site "Katowice POL"]
[Date "2022.12.17"]
[Round "6.16"]
[White "Stefansson, Hannes"]
[Black "Kucharska, Honorata"]
[Result "1-0"]
[WhiteTitle "GM"]
[BlackTitle "WFM"]
[WhiteElo "2526"]
[BlackElo "2180"]
[WhiteFideId "2300087"]
[BlackFideId "1163868"]
[EventDate "2022.12.17"]

1. e4 e6 2. d4 d5 3. Nc3 Bb4 4. e5 Qd7 5. Qg4 f5 6. Qg3 b6 7. Nh3 Ba6 8. Bxa6
Nxa6 9. Nf4 O-O-O 10. a3 Bxc3+ 11. Qxc3 g5 12. Nd3 h6 13. b4 Nb8 14. h4 g4 15.
h5 Ne7 16. a4 Qc6 17. Qb2 g3 18. f3 f4 19. Nxf4 Nf5 20. c3 Rde8 21. Qb3 Rh7 22.
Ne2 Rg8 23. Bf4 Rhg7 24. b5 Qc4 25. Qxc4 dxc4 26. a5 bxa5 27. Rxa5 Kb7 28. Ra4
Nd7 29. Rxc4 Nb6 30. Rc6 Re7 31. Kd2 a6 32. Rc5 axb5 33. Rxb5 Kc6 34. Rc5+ Kb7
35. Ra1 Ree8 36. Kd3 Ra8 37. Rca5 Rxa5 38. Rxa5 Nd5 39. c4 Nb6 40. d5 Nh4 41.
Bxg3 Nf5 42. Bf2 Rxg2 43. Bxb6 cxb6 44. Rb5 Rf2 45. Nd4 Nxd4 46. Kxd4 Rxf3 47.
dxe6 Rf8 48. c5 1-0

[Event "European Rapid 2022"]
[Site "Katowice POL"]
[Date "2022.12.17"]
[Round "6.17"]
[White "Karas, Marek"]
[Black "Gavrilescu, David"]
[Result "0-1"]
[WhiteTitle "FM"]
[BlackTitle "IM"]
[WhiteElo "2240"]
[BlackElo "2522"]
[WhiteFideId "14928558"]
[BlackFideId "1227190"]
[EventDate "2022.12.17"]

1. d4 d5 2. Nf3 Nf6 3. c4 e6 4. Nc3 Nbd7 5. Bg5 c6 6. e3 h6 7. Bh4 g5 8. Bg3 Nh5
9. cxd5 exd5 10. Qc2 Nxg3 11. hxg3 Bg7 12. Bd3 Nb6 13. O-O-O Be6 14. Bf5 Bxf5
15. Qxf5 Nc4 16. Nd2 Nd6 17. Qd3 Qe7 18. g4 O-O-O 19. Kb1 Kb8 20. Rhe1 Qe6 21.
Qe2 Qg6+ 22. Ka1 h5 23. gxh5 Rxh5 24. Rh1 Rdh8 25. Rxh5 Rxh5 26. Qf3 Ka8 27. Nb3
Nc4 28. Rc1 a6 29. Nc5 g4 30. Qf4 Nd6 31. N3a4 Ka7 32. Qg3 Rh8 33. a3 f5 34. Ka2
Qf6 35. Nd7 Qe7 36. Ndc5 Bf6 37. Rc2 Bh4 38. Qf4 g3 39. fxg3 Bg5 40. Qe5 Re8 41.
Qxe7 Rxe7 42. Nc3 Rxe3 43. Re2 Kb8 44. Rxe3 Bxe3 45. Ne2 Kc8 46. a4 a5 47. Kb1
b6 48. Ne6 Kd7 49. N6f4 Ne4 50. Nd3 Kd6 51. Kc2 Bh6 52. g4 fxg4 53. Ne5 Bg5 54.
Nxg4 c5 55. Nh2 Bf6 56. Nf3 Nf2 57. b3 Kc6 58. dxc5 bxc5 59. Nf4 Kd6 60. Kd2 c4
61. bxc4 dxc4 62. Ke3 Nd1+ 63. Kd2 Nb2 64. Nh5 Bh8 65. g4 Nxa4 66. g5 Nc5 67. g6
Ne6 68. Kc1 a4 69. Kb1 Kc5 70. Ne1 Kb4 71. Nc2+ Kb3 72. Na1+ Bxa1 73. Kxa1 c3
74. Nf4 c2 75. Ne2 Ka3 76. g7 Nd4 77. g8=Q Nb3+ 78. Qxb3+ axb3 0-1

[Event "European Rapid 2022"]
[Site "Katowice POL"]
[Date "2022.12.17"]
[Round "6.18"]
[White "Sebenik, Matej"]
[Black "Bazakutsa, Svyatoslav"]
[Result "0-1"]
[WhiteTitle "GM"]
[WhiteElo "2538"]
[BlackElo "2318"]
[WhiteFideId "14602296"]
[BlackFideId "14198525"]
[EventDate "2022.12.17"]

1. Nf3 Nf6 2. c4 g6 3. Nc3 Bg7 4. e4 d6 5. d4 O-O 6. Be2 e5 7. O-O exd4 8. Nxd4
Re8 9. f3 c6 10. Kh1 d5 11. cxd5 cxd5 12. Bg5 Nc6 13. Bb5 h6 14. Bh4 g5 15. Bf2
Bd7 16. exd5 Nxd5 17. Nxd5 Nxd4 18. Bxd4 Bxb5 19. Bxg7 Kxg7 20. Qd4+ f6 21. Rfe1
Qd6 22. Ne7 Qxd4 23. Nf5+ Kg6 24. Nxd4 Bc4 25. a3 Rxe1+ 26. Rxe1 Rd8 27. Rd1 f5
28. g3 Kf6 29. Kg2 f4 30. gxf4 gxf4 31. Kf2 Rd5 32. Ke1 Re5+ 33. Kd2 Re3 34. Kc2
Ke5 35. b3 Bf7 36. Rd2 a6 37. Kb2 Bd5 38. b4 b5 39. Nc2 Rb3+ 40. Kc1 Rxf3 41.
Re2+ Be4 42. Kb2 Rd3 43. Ne1 Re3 44. Rxe3 fxe3 45. Kc3 h5 46. h4 Kf5 47. Kd4 Kf4
48. Kc3 Kg3 49. Kd4 Kf4 50. Kc3 Ke5 0-1

[Event "European Rapid 2022"]
[Site "Katowice POL"]
[Date "2022.12.17"]
[Round "6.19"]
[White "Pidluznij, Gleb"]
[Black "Drozdowski, Kacper"]
[Result "0-1"]
[BlackTitle "IM"]
[WhiteElo "2159"]
[BlackElo "2448"]
[WhiteFideId "12817082"]
[BlackFideId "1136720"]
[EventDate "2022.12.17"]

1. d4 d6 2. Nf3 g6 3. g3 Bg7 4. Bg2 Nf6 5. O-O O-O 6. c4 c6 7. Nc3 Bf5 8. Re1
Ne4 9. Nxe4 Bxe4 10. e3 Nd7 11. b3 d5 12. Bb2 Rc8 13. Rc1 Nf6 14. Nd2 Bxg2 15.
Kxg2 Qd7 16. cxd5 cxd5 17. Qe2 a6 18. Rxc8 Rxc8 19. Rc1 h5 20. h4 Rxc1 21. Bxc1
Qf5 22. Nf3 Qe4 23. Ba3 Ng4 24. Kg1 Bf6 25. Bc5 Kg7 26. Ba3 b6 27. Bb4 a5 28.
Bc3 Kg8 29. Kg2 Nh6 30. Kf1 Nf5 31. Kg1 Kf8 32. Kh2 Kg7 33. Kg1 Kg8 34. Kh2 e6
35. Kg1 Be7 36. Kh2 Bd6 37. Ne5 Bxe5 38. dxe5 d4 39. Bd2 Qc2 40. e4 d3 41. Qe1
Nd4 42. Kg2 Qxa2 43. Qe3 Nxb3 44. Qxb6 Qxd2 45. Qb8+ Kg7 46. Qxb3 Qe2 47. Qc4 a4 0-1

[Event "European Rapid 2022"]
[Site "Katowice POL"]
[Date "2022.12.17"]
[Round "6.20"]
[White "Ziska, Helgi Dam"]
[Black "Niezhentsev, Kyrylo"]
[Result "1-0"]
[WhiteTitle "GM"]
[WhiteElo "2546"]
[BlackElo "2052"]
[WhiteFideId "7200595"]
[BlackFideId "34126660"]
[EventDate "2022.12.17"]

1. e4 c5 2. Nf3 d6 3. Bb5+ Nd7 4. O-O a6 5. Bd3 e5 6. a4 b6 7. Bc4 Bb7 8. d3 h6
9. Nc3 Ngf6 10. Nh4 g6 11. g3 Qe7 12. Bd2 O-O-O 13. Rb1 a5 14. Ng2 h5 15. h3 Bh6
16. Bxh6 Rxh6 17. Qd2 Rhh8 18. Ne3 h4 19. g4 Nf8 20. b4 cxb4 21. Ncd5 Bxd5 22.
Nxd5 Nxd5 23. Bxd5 Ne6 24. c3 bxc3 25. Qxc3+ Qc7 26. Bxe6+ fxe6 27. Qd2 Kd7 28.
Rfc1 Qb7 29. Qxa5 Ra8 30. Rxb6 Qa7 31. Qb5+ Kd8 32. Rb7 1-0

[Event "European Rapid 2022"]
[Site "Katowice POL"]
[Date "2022.12.17"]
[Round "6.21"]
[White "Maly, Alexey"]
[Black "Beliavsky, Alexander G"]
[Result "1/2-1/2"]
[WhiteTitle "IM"]
[BlackTitle "GM"]
[WhiteElo "2370"]
[BlackElo "2499"]
[WhiteFideId "14103184"]
[BlackFideId "14602377"]
[EventDate "2022.12.17"]

1. d4 Nf6 2. c4 e6 3. Nf3 d5 4. e3 b6 5. Nbd2 Bb7 6. Bd3 Be7 7. O-O O-O 8. Qe2
c5 9. b3 Nc6 10. Bb2 Nb4 11. Bb1 Rc8 12. a3 Nc6 13. Rd1 Qc7 14. Bd3 cxd4 15.
exd4 Qf4 16. Rac1 dxc4 17. bxc4 Rfd8 18. Qe3 Qxe3 19. fxe3 Ng4 20. Re1 Nce5 21.
Be2 Ng6 22. Bd3 N4e5 23. Be2 Nxf3+ 24. Bxf3 Ba6 25. Kf2 f5 26. Red1 Bf6 27. g3
Ne7 28. Rc2 Nc6 29. Rdc1 Ne7 30. a4 Rc7 31. a5 Rdc8 32. axb6 axb6 33. Ba3 Kf7
34. Bd6 Rd7 35. c5 bxc5 36. Bxc5 Rdc7 37. Nc4 Bxc4 38. Rxc4 Rd7 39. Bxe7 Rxc4
40. Rxc4 Kxe7 41. Rb4 e5 42. dxe5 Bxe5 43. Rb7 Rxb7 1/2-1/2

[Event "European Rapid 2022"]
[Site "Katowice POL"]
[Date "2022.12.17"]
[Round "6.22"]
[White "Czerw, Dawid"]
[Black "Azarov, Sergei"]
[Result "0-1"]
[WhiteTitle "IM"]
[BlackTitle "GM"]
[WhiteElo "2373"]
[BlackElo "2562"]
[WhiteFideId "1145746"]
[BlackFideId "13501470"]
[EventDate "2022.12.17"]

1. d4 Nf6 2. c4 e6 3. g3 d5 4. Bg2 dxc4 5. Nf3 a6 6. Ne5 Bb4+ 7. Nc3 Nd5 8. Bd2
Nb6 9. e3 N8d7 10. Nf3 O-O 11. O-O Qe7 12. e4 e5 13. d5 Bd6 14. Qe2 Nc5 15. Be3
Bg4 16. h3 Bh5 17. g4 Bg6 18. Nd2 Nd3 19. Rfb1 Nf4 20. Qf1 h5 21. Nxc4 Nxc4 22.
Qxc4 Qh4 23. Bxf4 exf4 24. f3 b5 25. Qd4 Qe7 26. b4 Rfd8 27. Rc1 Bxb4 28. Ne2 c5
29. Qd1 Qd6 30. a4 c4 31. Kh1 hxg4 32. fxg4 Bc5 33. Nd4 Qf6 34. Nc6 Bd6 35. Qe2
Be5 36. Ra2 Re8 37. Rb1 c3 38. axb5 axb5 39. Rxa8 Rxa8 40. Nxe5 Qxe5 41. Bf3 Rc8
42. Rc1 b4 43. Qa6 Re8 44. Re1 b3 45. d6 Rd8 46. d7 Qc7 47. Qa3 b2 48. h4 Qxd7
49. h5 Bxh5 50. Qxc3 Bxg4 51. Bxg4 Qxg4 52. Qxb2 Qh4+ 0-1

[Event "European Rapid 2022"]
[Site "Katowice POL"]
[Date "2022.12.17"]
[Round "6.23"]
[White "Pultinevicius, Paulius"]
[Black "Voege, Tobias"]
[Result "1-0"]
[WhiteTitle "GM"]
[BlackTitle "FM"]
[WhiteElo "2561"]
[BlackElo "2300"]
[WhiteFideId "12809390"]
[BlackFideId "1270513"]
[EventDate "2022.12.17"]

1. d4 e6 2. Bf4 b6 3. e4 Bb7 4. Nd2 c5 5. c3 Nf6 6. Bd3 d5 7. e5 Ne4 8. Ngf3
Nxd2 9. Nxd2 Qd7 10. Qe2 a5 11. O-O Ba6 12. Bxa6 Nxa6 13. Be3 Be7 14. Qg4 g6 15.
Bh6 Nc7 16. Rfd1 cxd4 17. cxd4 O-O-O 18. Rac1 Kb7 19. Qf3 Bf8 20. Bg5 Be7 21.
Bxe7 Qxe7 22. Nc4 Ne8 23. Na3 Nc7 24. Nc4 Ne8 25. a3 Ka7 26. Nxb6 Kxb6 27. Qb3+
Ka7 28. Qb5 Nc7 29. Qxa5+ Kb7 30. Rd3 Rb8 31. Rb3+ Kc8 32. Qa6+ Kd7 33. Rxc7+
Kxc7 34. Qa7+ Kc6 35. Rc3+ Kb5 1-0

[Event "European Rapid 2022"]
[Site "Katowice POL"]
[Date "2022.12.17"]
[Round "6.24"]
[White "Vardanyan, Aras"]
[Black "Saric, Ante"]
[Result "0-1"]
[WhiteTitle "CM"]
[BlackTitle "GM"]
[WhiteElo "2271"]
[BlackElo "2504"]
[WhiteFideId "12808792"]
[BlackFideId "14506254"]
[EventDate "2022.12.17"]

1. e4 d5 2. exd5 Nf6 3. Nf3 Bg4 4. Be2 Nxd5 5. d4 e6 6. h3 Bh5 7. O-O Be7 8. c4
Nb6 9. Nc3 Nc6 10. Be3 Bxf3 11. Bxf3 Nxc4 12. Bxc6+ bxc6 13. Qa4 Nb6 14. Qxc6+
Qd7 15. Qe4 O-O 16. Rac1 c6 17. Rc2 a5 18. Rfc1 Nd5 19. a3 a4 20. Ne2 Rfb8 21.
Nf4 Bd6 22. Nd3 Rb3 23. Bd2 Ra6 24. Qe2 Rab6 25. Ba5 R6b5 26. Rxc6 Ne7 27. Ra6
h6 28. Bb4 Bxb4 29. Nxb4 Nf5 30. Rxa4 Nxd4 31. Qe4 f5 32. Qa8+ Kh7 33. Ra7 Qd6
34. Re1 Rb8 35. Ra6 Ne2+ 36. Kf1 Qh2 37. Qxb8 Qxb8 38. Rxe2 Qb5 39. Rxe6 Rxb2
40. g3 Rb1+ 41. Kg2 Qb7+ 42. f3 Qd7 43. Nc2 Rb2 44. Re7 Qd6 45. R7e6 Qd3 46.
R6e3 Qd1 0-1

[Event "European Rapid 2022"]
[Site "Katowice POL"]
[Date "2022.12.17"]
[Round "6.25"]
[White "Oleksiyenko, Mykhaylo"]
[Black "Cukrowski, Filip"]
[Result "1-0"]
[WhiteTitle "GM"]
[BlackTitle "FM"]
[WhiteElo "2594"]
[BlackElo "2402"]
[WhiteFideId "4152417"]
[BlackFideId "1171097"]
[EventDate "2022.12.17"]

1. e4 e5 2. Nf3 Nc6 3. Bb5 Nf6 4. O-O Nxe4 5. d4 Nd6 6. dxe5 Nxb5 7. a4 d6 8. e6
Nbd4 9. exf7+ Kxf7 10. Nxd4 Nxd4 11. Qxd4 Be7 12. Re1 c6 13. Ra3 Bf6 14. Qf4 Be6
15. Rae3 Re8 16. Nd2 g5 17. Qb4 Qb6 18. Qxd6 Rad8 19. Qg3 Bd5 20. Qh3 Rxe3 21.
Qxh7+ Kf8 22. Rxe3 Qd4 23. h3 Qxa4 24. Qg6 Qf4 25. g3 Qd6 26. Ne4 Bxe4 27. Rxe4
Be7 28. Qh7 Qf6 29. Kg2 Rd5 30. h4 gxh4 31. Rf4 1-0

[Event "European Rapid 2022"]
[Site "Katowice POL"]
[Date "2022.12.17"]
[Round "6.26"]
[White "Moroni, Luca Jr"]
[Black "Kubicka, Anna"]
[Result "0-1"]
[WhiteTitle "GM"]
[BlackTitle "WIM"]
[WhiteElo "2576"]
[BlackElo "2217"]
[WhiteFideId "865834"]
[BlackFideId "1152254"]
[EventDate "2022.12.17"]

1. d4 Nf6 2. Nf3 e6 3. Bf4 d5 4. e3 c5 5. Nbd2 Nc6 6. c3 Bd6 7. Bg3 O-O 8. Bd3
h6 9. O-O Bxg3 10. hxg3 Nd7 11. e4 dxe4 12. Bxe4 cxd4 13. Bxc6 bxc6 14. Nxd4 Bb7
15. Qe2 c5 16. N4f3 Qc7 17. Rfd1 Rfd8 18. c4 Qc6 19. Qe3 a5 20. a4 Nf6 21. b3
Rd4 22. Nf1 Rad8 23. Qe1 Ng4 24. Rxd4 Rxd4 25. Ne3 Re4 26. Rd1 Nxe3 27. fxe3 Qb6
28. Rd3 Qc7 29. Rd1 Rg4 30. Kh2 h5 31. Kh3 Be4 32. Nh2 Rg6 33. Nf1 h4 34. Kh2
Rh6 35. Kg1 h3 36. gxh3 Rxh3 37. Rd2 Qe5 38. Rh2 Rxh2 39. Nxh2 Qb2 40. Qf2 Qxb3
41. Qd2 Qd3 42. Qxa5 Qxe3+ 43. Kf1 Bd3+ 44. Kg2 Qe4+ 45. Kh3 Qf5+ 46. g4 Qf6 47.
Qxc5 Qc3 48. Qe3 Qxc4 49. a5 f5 50. g5 f4 51. Qe5 Bf5+ 52. Kh4 Qd3 53. Qb8+ Kh7
54. g6+ Kxg6 55. Qe8+ Kf6 56. Qf8+ Ke5 57. Qxg7+ Ke4 58. Qb7+ Kd4 59. Qb4+ Ke3
60. Qe1+ Qe2 61. Qc3+ Kf2 62. a6 Kg2 63. Qc1 Qf2+ 64. Kh5 Kxh2 65. a7 Qg3 66.
Qb2+ Kh3 67. Qf6 Qg4+ 68. Kh6 Be4 69. a8=Q Bxa8 70. Qc3+ f3 71. Qe3 Be4 0-1

[Event "European Rapid 2022"]
[Site "Katowice POL"]
[Date "2022.12.17"]
[Round "6.27"]
[White "Vedrickas, Tautvydas"]
[Black "Piorun, Kacper"]
[Result "1/2-1/2"]
[WhiteTitle "FM"]
[BlackTitle "GM"]
[WhiteElo "2358"]
[BlackElo "2611"]
[WhiteFideId "12802654"]
[BlackFideId "1130420"]
[EventDate "2022.12.17"]

1. d4 Nf6 2. c4 g6 3. Nc3 Bg7 4. e4 d6 5. f3 O-O 6. Nge2 b6 7. Bg5 c5 8. d5 h6
9. Be3 e6 10. Qd2 exd5 11. cxd5 h5 12. Bg5 Ba6 13. Ng3 Re8 14. Bxa6 Nxa6 15. O-O
Qd7 16. Rae1 Nh7 17. Bh6 b5 18. Bxg7 Kxg7 19. b3 Nc7 20. f4 b4 21. Nd1 h4 22.
Nh1 Nb5 23. Nhf2 Nf6 24. Re3 Re7 25. Nb2 Rae8 26. Rfe1 Kg8 27. Nc4 Nc3 28. Qd3
Nh5 29. g3 hxg3 30. hxg3 f5 31. exf5 gxf5 32. Kg2 Ng7 33. a3 Rxe3 34. Rxe3 Rxe3
35. Nxe3 a5 36. axb4 axb4 37. g4 fxg4 38. Nfxg4 Qe7 39. Kf3 Qh4 40. Qg6 Qh1+ 41.
Kf2 Kh8 42. Qh6+ Qxh6 43. Nxh6 Nh5 44. Nf7+ Kg7 45. Nxd6 Nxf4 46. Nb7 Nd3+ 47.
Kf3 Kf6 48. Ng4+ Ke7 49. d6+ Ke6 50. Ke3 Nc1 51. Nxc5+ Kxd6 52. Na6 Nxb3 1/2-1/2

[Event "European Rapid 2022"]
[Site "Katowice POL"]
[Date "2022.12.17"]
[Round "6.28"]
[White "Sahidi, Samir"]
[Black "Gvetadze, Sofio"]
[Result "1-0"]
[WhiteTitle "IM"]
[BlackTitle "IM"]
[WhiteElo "2494"]
[BlackElo "2298"]
[WhiteFideId "14936372"]
[BlackFideId "13601440"]
[EventDate "2022.12.17"]

1. e4 c5 2. Nf3 Nc6 3. Bb5 g6 4. O-O Bg7 5. c3 Nf6 6. Re1 O-O 7. h3 a6 8. Bf1 e5
9. d4 d6 10. Na3 b5 11. Nc2 h6 12. a4 Rb8 13. axb5 axb5 14. d5 Ne7 15. b3 Nh5
16. c4 bxc4 17. bxc4 Nf4 18. Ra7 Rb1 19. Na3 Rb7 20. Qa4 Bd7 21. Qa6 Rxa7 22.
Qxa7 Nc8 23. Qb7 g5 24. Nb5 f5 25. Bxf4 gxf4 26. Bd3 fxe4 27. Bxe4 Bf5 28. Bxf5
Rxf5 29. Qc7 Qxc7 30. Nxc7 Nb6 31. Nd2 Rf7 32. Nb5 Bf8 33. f3 Rb7 34. Rb1 Be7
35. Nc3 Rb8 36. Kf2 Kf7 37. Ke2 Nd7 38. Ra1 Rg8 39. Kf1 Rb8 40. Ra7 Ke8 41. Ke2
Rb4 42. Kd3 Rb2 43. Nb5 e4+ 44. Nxe4 Ne5+ 45. Kc3 Rxg2 46. Nbxd6+ Bxd6 47. Nxd6+
Kf8 48. Ne4 Nxf3 49. Nxc5 Ng5 50. h4 f3 51. hxg5 f2 52. Ne6+ Ke8 53. d6 Rg3+ 54.
Kb4 1-0

[Event "European Rapid 2022"]
[Site "Katowice POL"]
[Date "2022.12.17"]
[Round "6.29"]
[White "Cherniaiev, Tykhon"]
[Black "Alonso Rosell, Alvar"]
[Result "0-1"]
[WhiteTitle "FM"]
[BlackTitle "GM"]
[WhiteElo "2330"]
[BlackElo "2561"]
[WhiteFideId "14182360"]
[BlackFideId "2270544"]
[EventDate "2022.12.17"]

1. Nf3 d5 2. d4 Nf6 3. c4 e6 4. g3 Be7 5. Bg2 O-O 6. O-O c6 7. Qc2 b6 8. Rd1 Ba6
9. b3 Nbd7 10. Nbd2 Rc8 11. Bb2 c5 12. e3 b5 13. dxc5 Bxc5 14. Rac1 Qb6 15. Qc3
bxc4 16. bxc4 Bb4 17. Qb3 Bxd2 18. Nxd2 dxc4 19. Qc3 Nc5 20. Ba3 Nd5 21. Qd4 Nd3
22. Bxf8 Qxd4 23. exd4 Nxc1 24. Rxc1 Kxf8 25. Bxd5 exd5 26. Nb1 Ke7 27. Nc3 Kd6
28. Rb1 Re8 29. Kf1 Bc8 30. Kg2 Bd7 31. Rb7 Re7 32. Rb1 Kc6 33. Rb5 Be6 34. Rc5+
Kb6 35. Rb5+ Ka6 36. a4 Rb7 37. Rc5 Rb3 38. Nxd5 Bxd5+ 39. Rxd5 Rd3 40. Rd7 Kb6
41. Kf1 c3 42. Rd6+ Kb7 43. Rd7+ Kb6 44. Rd6+ Ka5 45. Ke2 Rd2+ 46. Ke3 Rd1 47.
Rc6 Kb4 48. Ke2 Rxd4 49. Rc7 Kb3 50. Rxa7 Rd2+ 51. Ke3 Rd1 52. Rb7+ Kxa4 53. Rc7
Kb3 54. Rb7+ Ka2 55. Ra7+ Kb2 56. Rb7+ Ka1 57. Ra7+ Kb1 58. Rb7+ Kc1 59. Rxf7 g6
60. Rxh7 c2 61. Rc7 Rd5 62. Ke2 Rb5 63. h4 Kb2 64. Ke3 c1=Q+ 65. Rxc1 Kxc1 66.
Ke4 Kd2 67. f4 Rh5 68. g4 Rxh4 69. g5 Rh8 70. f5 Re8+ 71. Kf4 Rf8 72. Kg4 Rxf5
73. Kh4 Ke3 74. Kg4 Ke4 75. Kh4 Kf3 76. Kh3 Rf4 77. Kh2 Rh4+ 78. Kg1 Rh3 79. Kf1
Rh1# 0-1

[Event "European Rapid 2022"]
[Site "Katowice POL"]
[Date "2022.12.17"]
[Round "6.30"]
[White "Brilej, Jaka"]
[Black "Huzman, Alexander"]
[Result "0-1"]
[WhiteTitle "FM"]
[BlackTitle "GM"]
[WhiteElo "2336"]
[BlackElo "2526"]
[WhiteFideId "14618818"]
[BlackFideId "2803828"]
[EventDate "2022.12.17"]

1. d4 Nf6 2. c4 c6 3. Nc3 d5 4. cxd5 cxd5 5. Bf4 Nc6 6. e3 a6 7. Be2 e6 8. Nf3
Be7 9. O-O O-O 10. h3 Bd7 11. Rc1 Qa5 12. a3 Rfc8 13. Nd2 Qd8 14. b4 Na7 15. Qb3
Nb5 16. Ndb1 Nd6 17. Bxd6 Bxd6 18. Na4 Bb5 19. Nbc3 Bc4 20. Bxc4 dxc4 21. Qc2 a5
22. bxa5 Rxa5 23. Rb1 Qe7 24. Nb6 Rc6 25. d5 exd5 26. Rfd1 Qe6 27. Qd2 Rxb6 28.
Rxb6 Bh2+ 29. Kxh2 Qxb6 30. a4 h6 31. Rb1 Qc6 32. Qd4 Ra8 33. g3 Ra6 34. Rb5 Qc7
35. Nxd5 Nxd5 36. Rxd5 Rf6 37. Rd8+ Kh7 38. Qe4+ g6 39. Rd2 Re6 40. Qd4 c3 41.
Rc2 Rc6 42. Qf4 Qd7 43. Qd4 Qf5 44. e4 Qf3 45. h4 g5 46. e5 gxh4 47. Qxh4 Qd3
48. Qf4 Kg8 49. Qc1 Qf3 50. Qb1 Qf5 51. Rc1 c2 52. Qxb7 Qxf2+ 53. Kh3 Qf5+ 54.
Kh2 Rc3 55. Qg2 Qh5+ 56. Qh3 Qe2+ 57. Qg2 Qh5+ 58. Qh3 Qxe5 59. Qg4+ Kh8 60. Qh4
Kh7 61. Qg4 h5 62. Qf4 Qxf4 63. gxf4 Kg6 64. a5 Kf5 65. a6 Ra3 66. Rxc2 Rxa6 67.
Rc5+ Kg4 68. Rg5+ Kh4 69. Rf5 f6 70. Rb5 Kg4 71. f5 Ra2+ 72. Kg1 Ra4 73. Kg2 Rf4
74. Rb3 Rxf5 75. Rg3+ Kh4 76. Rh3+ Kg5 77. Rg3+ Kh6 78. Ra3 Rb5 79. Rf3 Kg6 80.
Ra3 f5 81. Ra8 Kg5 82. Rg8+ Kf4 83. Rh8 Rb2+ 84. Kh3 Rb1 85. Kg2 Rb2+ 86. Kh3
Rb1 87. Kg2 Kg4 88. Rg8+ Kh4 89. Rf8 Rb5 90. Rg8 Rb3 91. Rf8 Kg4 92. Rg8+ Kf4
93. Rh8 Rg3+ 94. Kh2 Rg5 95. Kh3 Kf3 96. Ra8 Rg1 97. Ra3+ Kf4 98. Ra4+ Kg5 99.
Ra8 Rh1+ 100. Kg2 Rh4 101. Kf3 Rf4+ 102. Kg2 Re4 103. Rg8+ Kf6 104. Rh8 h4 105.
Kh3 Ke5 106. Ra8 Rg4 107. Ra5+ Kf4 108. Ra8 Rg1 109. Kh2 Rg3 110. Rh8 Kg4 111.
Rg8+ Kf3 112. Rh8 Rg2+ 113. Kh3 Rg1 114. Kh2 Rg4 115. Ra8 Re4 116. Kh3 Kf2 117.
Ra2+ Re2 118. Ra4 Re3+ 119. Kh2 Re4 120. Ra2+ Re2 121. Ra3 f4 122. Ra4 f3 123.
Kh3 Re1 124. Kh2 Kf1 125. Ra3 f2 126. Ra2 Re3 127. Ra1+ Ke2 128. Ra2+ Kf3 129.
Ra4 f1=R 0-1

[Event "European Rapid 2022"]
[Site "Katowice POL"]
[Date "2022.12.17"]
[Round "6.31"]
[White "Orzech, Dominik"]
[Black "Keinanen, Toivo"]
[Result "1-0"]
[WhiteTitle "IM"]
[BlackTitle "IM"]
[WhiteElo "2313"]
[BlackElo "2508"]
[WhiteFideId "1115065"]
[BlackFideId "509825"]
[EventDate "2022.12.17"]

1. d4 e6 2. Nf3 d5 3. c4 Nf6 4. Nc3 Be7 5. cxd5 exd5 6. Bg5 O-O 7. Qc2 c5 8.
dxc5 d4 9. Rd1 Nc6 10. e3 Bxc5 11. Be2 h6 12. Bh4 g5 13. Bg3 Qb6 14. exd4 Bxd4
15. O-O Bxc3 16. bxc3 Re8 17. Rd6 Be6 18. Rfd1 Qc5 19. Bd3 Rad8 20. h3 Kg7 21.
Bf1 Bc4 22. Bxc4 Qxc4 23. Ne5 Qe4 24. Qb3 Rxe5 25. Rxd8 Nxd8 26. Bxe5 Qxe5 27.
Rxd8 Qe1+ 28. Kh2 Qxf2 29. Qb4 Qxa2 30. Qxb7 Qc4 31. Qxa7 Qxc3 32. Qd4 Qc7+ 33.
Qd6 Qc4 34. Qe5 Qe4 35. Qxe4 Nxe4 36. Re8 f5 37. Re6 Nf6 38. Kg3 Kg6 39. Kf2 f4
40. Ra6 Kf5 41. Kf3 Kg6 42. Ke2 Kf5 43. Ra5+ Ke4 44. Ra6 Ke5 45. Kd3 Kf5 46. Kd4
h5 47. Ra5+ Kg6 48. Ke5 Nd7+ 49. Ke6 Nf6 50. Ra6 Nh7 51. Ke5+ Kf7 52. Kf5 Kg7
53. Ra7+ Kh6 54. Ra6+ Kg7 55. Ra7+ Kh6 56. Rf7 g4 57. hxg4 hxg4 58. Kxg4 Kg6 59.
Rxf4 Nf6+ 60. Kf3 Kg5 61. Ra4 Kf5 62. Ra5+ Kg6 63. g4 Nh7 64. Kf4 Nf6 65. Ra6
Kg7 66. Kf5 Nd5 67. Ra7+ Kg8 68. g5 Kf8 69. g6 Ne7+ 70. Rxe7 Kxe7 71. Ke5 Ke8
72. Ke6 Kf8 73. Kf6 Kg8 74. g7 1-0

[Event "European Rapid 2022"]
[Site "Katowice POL"]
[Date "2022.12.17"]
[Round "6.32"]
[White "Toma, Katarzyna"]
[Black "Dvirnyy, Danyyil"]
[Result "1-0"]
[WhiteTitle "WGM"]
[BlackTitle "GM"]
[WhiteElo "2232"]
[BlackElo "2530"]
[WhiteFideId "1119907"]
[BlackFideId "817570"]
[EventDate "2022.12.17"]

1. e4 e5 2. Nf3 Nc6 3. d4 exd4 4. Nxd4 Bc5 5. Nb3 Bb4+ 6. c3 Be7 7. g3 d6 8. Bg2
Nf6 9. O-O Be6 10. Nd4 Nxd4 11. cxd4 Qd7 12. Nc3 Bh3 13. Qb3 Bxg2 14. Kxg2 Qc6
15. d5 Qb6 16. Qa4+ c6 17. Be3 Qc7 18. Rac1 O-O 19. dxc6 bxc6 20. Rfd1 Qb7 21.
b3 Rfd8 22. f3 h6 23. Ne2 c5 24. Nf4 Bf8 25. Nd5 Nxd5 26. Rxd5 Rdc8 27. Qc4 a5
28. Bf4 Ra6 29. Rcd1 Rcc6 30. e5 dxe5 31. Rd7 1-0

[Event "European Rapid 2022"]
[Site "Katowice POL"]
[Date "2022.12.17"]
[Round "6.33"]
[White "Decosse, Jean-Fabien"]
[Black "Dragnev, Valentin"]
[Result "1-0"]
[WhiteTitle "CM"]
[BlackTitle "GM"]
[WhiteElo "2149"]
[BlackElo "2556"]
[WhiteFideId "622583"]
[BlackFideId "1634852"]
[EventDate "2022.12.17"]

1. d4 Nf6 2. c4 e6 3. Nc3 Bb4 4. e3 O-O 5. Ne2 c6 6. a3 Ba5 7. b4 Bc7 8. d5 exd5
9. cxd5 Be5 10. Nd4 cxd5 11. Be2 Nc6 12. O-O Nxd4 13. exd4 Bxh2+ 14. Kxh2 Qc7+
15. Kg1 Qxc3 16. Ra2 Qc7 17. Rc2 Qb6 18. Bf4 d6 19. g4 Bd7 20. g5 Ne8 21. Bd3 g6
22. Qf3 Be6 23. Be3 Ng7 24. Rfc1 Bf5 25. Bxf5 Nxf5 26. Qxd5 Rae8 27. Rc3 Qd8 28.
Bf4 Re7 29. Kg2 Rfe8 30. Rh1 Re4 31. Rxh7 R4e6 32. Rch3 Kf8 33. Qxb7 Ne7 34. d5
Re4 35. Kf3 Rd4 36. Be3 Rd3 37. Ke2 Rxa3 38. Rf3 Kg8 39. Rfxf7 Ra2+ 40. Kf1 Ra1+
41. Kg2 Qc8 42. Qxc8 Nxc8 43. Bd4 Rd1 44. Bf6 Rxd5 45. Rfg7+ Kf8 46. Rh8# 1-0